000 00366nam a2200145Ia 4500
008 230917s9999||||xx |||||||||||||| ||und||
040 _e210207
_aMAIN
041 _aEnglish
082 _a333.332 B321L
100 _aBatra, Rachna
245 0 _aLiberalization and trends in Land prices: A case study of Delhi
260 _c2011
300 _a302 p.
942 _cTH
999 _c125940
_d125940